000 00672nam a2200181Ia 4500
008 090123s9999 xx 000 0 und d
082 _b34416
100 _aधर्माधिकारी चंद्रशेखर शंकर
245 _aअंतर्यात्रा
250 _a1
260 _bमंजुल प्रकाशन
_c2002
300 _a236
600 _aधर्माधिकारी चंद्रशेखर शंकर
630 _aअंतर्यात्रा
700 _aधर्माधिकारी चंद्रशेखर शंकर
730 _aअंतर्यात्रा
942 _cBOOK
999 _c72469
_d72469